Online
Catalog

La revolución de las esperanzas : (Record no. 2801)

MARC details
000 -CABECERA
campo de control de longitud fija 01143nam a2200253 u 4500
001 - NÚMERO DE CONTROL
campo de control 000002969
005 - FECHA Y HORA DE LA ÚLTIMA TRANSACCIÓN
campo de control 20250714091948.0
008 - DATOS DE LONGITUD FIJA--INFORMACIÓN GENERAL
campo de control de longitud fija 090706s1988 dr 000 0 spa d
040 ## - FUENTE DE LA CATALOGACIÓN
Centro catalogador/agencia de origen DO-SdBNP
Lengua de catalogación spa
Centro/agencia transcriptor BNPHU
082 ## - NÚMERO DE LA CLASIFICACIÓN DECIMAL DEWEY
Número de clasificación 338.947
Número de documento/Ítem H558r
100 1# - ENTRADA PRINCIPAL--NOMBRE DE PERSONA
Nombre de persona Hernecker, Marta
9 (RLIN) 9431
245 13 - MENCIÓN DE TÍTULO
Título La revolución de las esperanzas :
Resto del título entrevista a Kiva Maidanik /
Mención de responsabilidad, etc. Marta Hernecker.
260 ## - PUBLICACIÓN, DISTRIBUCIÓN, ETC.
Lugar de publicación, distribución, etc. Santo Domingo :
Nombre del editor, distribuidor, etc. Taller,
Fecha de publicación, distribución, etc. 1988.
300 ## - DESCRIPCIÓN FÍSICA
Extensión 152 p. ;
Dimensiones 19 cm.
520 0# - SUMARIO, ETC.
Sumario, etc. Entrevista a Kiva Maidanik, historiadora y politóloga soviética e investigadora del Instituto de Economía Mundial y Relaciones Exteriores de la Academia de Ciencias de Rusia, sobre las posibles implicaciones de las políticas de Glasnost y Perestroika en la Unión Soviética.
651 #4 - PUNTO DE ACCESO ADICIONAL DE MATERIA--NOMBRE GEOGRÁFICO
Nombre geográfico Unión Soviética
Subdivisión general Política Y Gobierno
Subdivisión cronológica 1985-1991
9 (RLIN) 9432
651 #4 - PUNTO DE ACCESO ADICIONAL DE MATERIA--NOMBRE GEOGRÁFICO
Nombre geográfico Unión Soviética
Subdivisión general Política Económica
Subdivisión cronológica 1986-1991
9 (RLIN) 9433
650 #4 - PUNTO DE ACCESO ADICIONAL DE MATERIA--TÉRMINO DE MATERIA
Término de materia o nombre geográfico como elemento de entrada Sistemas económicos comparados
9 (RLIN) 9434
650 #0 - PUNTO DE ACCESO ADICIONAL DE MATERIA--TÉRMINO DE MATERIA
Término de materia o nombre geográfico como elemento de entrada Economía marxista
9 (RLIN) 9435
650 #4 - PUNTO DE ACCESO ADICIONAL DE MATERIA--TÉRMINO DE MATERIA
Término de materia o nombre geográfico como elemento de entrada Comunismo
9 (RLIN) 2880
650 #0 - PUNTO DE ACCESO ADICIONAL DE MATERIA--TÉRMINO DE MATERIA
Término de materia o nombre geográfico como elemento de entrada Socialismo
9 (RLIN) 287
700 1# - PUNTO DE ACCESO ADICIONAL--NOMBRE DE PERSONA
Nombre de persona Maidanik, K. L.
Forma completa/desarrollada del nombre (Kiva Lʹvovich)
9 (RLIN) 9436
910 ## - DATOS DE OPCIÓN DEL USUARIO (OCLC)
Datos de opción del usuario Jornada de catalogación
Holdings
Estado de retiro Estado de pérdida No para préstamo Código de colección Localización permanente Ubicación/localización actual Ubicación en estantería Fecha de adquisición Fuente de adquisición Número de inventario Total de préstamos Signatura topográfica completa Código de barras Fecha visto por última vez Precio válido a partir de Tipo de ítem Koha Número de copia
    Excluido de préstamo Patrimonio Dominicano Patrimonio Dominicano Patrimonio Dominicano Depósito 06.07.2009 028715 LF1   338.947 H558r 2969-10 25.06.2020 25.06.2020 Libro y Folleto Colección Patrimonio Dominicano  
    Excluido de préstamo Patrimonio Dominicano Patrimonio Dominicano Patrimonio Dominicano Depósito 06.07.2009 028716 LF1   338.947 H558r 2969-20 25.06.2020 25.06.2020 Libro y Folleto Colección Patrimonio Dominicano e. 2

Powered by Koha